000 02765nam0a22003731 4500
001 RU\NLR\BIBL_A\012059883
005 20260407091011.0
035 _a(NLR Aleph) 012059883
090 _a11698158
_c11698158
100 _a19990705d1793 m y0rusy50 ca
101 1 _arus
_cdut
102 _aRU
200 1 _aПолезное описание употребления гарлемских капель или бальзама называемаго medicamentum gratia probatum.
_fИзданное самим изобретателем оных г. фан Тиллием
_g[Перевел и издал Я.Е.Даниловский]
210 _aВ Санктпетербурге
_cпри Императорской Академии наук
_d1793
215 _a[6], XVI, 85, [1] с.
_d
300 _aИмеется 2 изд. 1793 г., различающиеся набором тит. л., с.XI-XVI, кустодом на с.1 и текстом на с.XVI и 62-63. По сравнению с предыдущими оба изд. 1793 г. дополнены "Предуведомлением" переводчика (С.I-XVI), в котором сообщается о появившейся подделке гарлемских капель аптекаря Городницкаго. В данном издании 1-я строка на тит. л. 75 мм., в конце текста на с.XVI даты нет, кустод на с.1: "песош-", текст на с.63 заканчивается словами: "ближе двух тысяч верст".
314 _aПосвящ. пер. и изд. графу А.А.Безбородко подписано: Яким Даниловский. На с.63 указано полное его имя - Яким Ефимович Данилевский
321 _aСК XVIII 7206
620 _dСанкт-Петербург
700 1 _6z01700
_6z02790
_aТилли
_bН. де Конинг
_gНиколас де Конинг
_4070
700 1 _6z01700
_aTilly
_bN. de Koning
_gNicolas de Koning
_7ba
702 1 _6z03790
_aДаниловский
_bА.Е.
_gАким Ефимович
_4730
702 1 _aБезбородко
_bА.А.
_f1747-1799
_gАлександр Андреевич
_4280
702 1 _4570
_7ca
_8rus
_aГродницкий
_bД. Р.
_f-1808
_gДаниил Романович
_9205986
_3RU\NLR\AUTH\770206038
712 0 2 _4610
_aАкадемическая типография
_cПетербург
_3RU\NLR\AUTH\8815379
_9303965
790 1 _6z02700
_aТиллий
_bфан
_gфан
790 0 _6z03702
_aЯ*Д****
790 1 _6z05702
_aГородницкий
801 0 _aRU
_bNLR
_c19990705
852 _aNLR
_j18.11.7.61
942 _cBOOK
980 _aNB
980 _aA1XVIIIv